000
00329nam a2200133Ia 4500
008
240624s9999 xx 000 0 und d
041
_a
eng
082
_a
823 MAH
100
_a
MAHAJAN KARAN
245
_a
ASSOCIATION OF SMALL BOMBS
260
_c
2016
_a
New Delhi
_b
Harper Collins India
300
_a
288 : p.
365
_c
RS
_b
27.5
999
_c
27869
_d
27869